000 00444nam a22001817a 4500
999 _c16488
_d16488
022 _a9780195478761
082 _a628ASI
100 _aMuhammad Asif
245 _aEnergy Crisis in Pakistan
260 _aOxford:
_bOxford University Press,
_c2012.
300 _a259p. ;
650 _aPower resources
650 _aPakistan
650 _aEnergy policy
650 _aRenewable energy sources
650 _aEnergy development
942 _cBK